000 00889nam a22002177a 4500
005 20090217105240.0
008 090217t xxu||||| |||| 00| 0 hin d
010 _aHIN-45815
020 _a8187068185
_c150.00
035 _aHN-27184
037 _bDBAD / PUB
040 _aDPL
_bHN
082 _a821
100 _aत्रिपाठी,शिवधर' शिव'
245 _aमाँ /
_cशिवधर त्रिपाठी ' शिव'
260 _aजयपुर
_bक्लासिक पब्लिकेशन्स
_c1999
270 _bजयपुर
300 _a57पृ.
_c21 सेमी (सजिल्द)
942 _2ddc
_cHN
_h821
_mत्रिपाठी
999 _c23927
_d23927